• 首页
  • 本馆介绍
  • 公告通知
  • 最新文献
  • 馆藏检索
  • 电子资源
  • 读者导购
  • 参考咨询
  • 我的图书馆
  • 登录
  • 详细信息显示
  • 放入我的书架
  • 预约/预借图书
  • 作者相关作品
  • 分类相关作品
  • 丛书相关作品
  • 出版社相关作品

书目信息

  • 表格格式
  • 工作单格式
  • 卡片格式
题名:
海底两万里
    
 
作者: 凡尔纳 著 ;孙吟溪 译
分册:  
出版信息: 北京   煤炭工业出版社  2016
页数: 265页
开本: 24cm
丛书名: 世界文学名著
单 册:
中图分类: I565.445 , I565.4
科图分类:
主题词: 科学幻想小说--法国--近代 , 长篇小说--法国--近代
电子资源:
ISBN: 978-7-5020-5053-5
000 01482oam2 2200301 450
001 2375627433
005 20231110113116.57
010    @a978-7-5020-5053-5@dCNY58.00
100    @a20160712d2016 em y0chiy50 ea
101 0  @achi
102    @aCN@b110000
105    @ay z 000ay
200 1  @a海底两万里@Ahai di liang wan li@dVingt milles lieues sous les mers@zfre@f(法)凡尔纳著@g孙吟溪译
210    @a北京@c煤炭工业出版社@d2016
215    @a265页@d24cm
225 2  @a世界文学名著@e全译本@v21
314    @a儒林·凡尔纳 (1828-1905),法国科幻小说和冒险小说作家,被誉为“科学幻想小说之父”。代表作品有《80天环游地球》《海底两万里》《格兰特船长和他的女儿》《神秘岛》等。
330    @a小说讲述了法国博物学家阿罗纳克斯教授应邀登上一艘驱逐舰,参与追捕当时盛传的海上“怪物”,不幸被“怪物”俘获的故事。而所谓的“怪物”竟是一艘当时无人知晓的潜水艇。潜水艇艇长尼摩邀请阿罗纳克斯教授一行三人做海底旅行。沿途,他们饱览了海底变幻无穷的奇异景观和形形色色的生物,经历了种种危险为我们演绎出一个个故事,展现出一幅幅画面;故事曲折惊险,引人人胜,画面多姿多彩,气象万千。这样一部小说,读来既使人赏心悦目,也令人动魄惊心。
461  0 @12001 @a世界文学名著
510 1  @aVingt milles lieues sous les mers@zfre
606 0  @a科学幻想小说@y法国@z近代
606 0  @a长篇小说@y法国@z近代
690    @aI565.445@v5
690    @aI565.4@v4
701  0 @c(法)@a凡尔纳@Afan er na@f(1828-1905)@4著
702  0 @a孙吟溪@Asun yin xi@4译
801  0 @aCN@b安徽时代@c20230923
905    @aBZT@dI565.4@e9
    
    海底两万里=Vingt milles lieues sous les mers/(法)凡尔纳著/孙吟溪译.-北京:煤炭工业出版社,2016
    265页;24cm.-(世界文学名著:全译本;21)
    
    
    ISBN 978-7-5020-5053-5:CNY58.00
    小说讲述了法国博物学家阿罗纳克斯教授应邀登上一艘驱逐舰,参与追捕当时盛传的海上“怪物”,不幸被“怪物”俘获的故事。而所谓的“怪物”竟是一艘当时无人知晓的潜水艇。潜水艇艇长尼摩邀请阿罗纳克斯教授一行三人做海底旅行。沿途,他们饱览了海底变幻无穷的奇异景观和形形色色的生物,经历了种种危险为我们演绎出一个个故事,展现出一幅幅画面;故事曲折惊险,引人人胜,画面多姿多彩,气象万千。这样一部小说,读来既使人赏心悦目,也令人动魄惊心。
●
相关链接 在五车中查询图书 在当当中查询图书 在豆瓣中查询图书


正题名:海底两万里     索取号:I565.4/9         预约/预借

序号 登录号 条形码 馆藏地/架位号 状态 备注
1 2000925701   2000925701   第四书库/四36架B面4层3列/ [索取号:I565.4/9] 在馆    
2 2000925702   2000925702   第四书库/四36架B面4层3列/ [索取号:I565.4/9] 在馆    
3 2000925703   2000925703   智能微图书馆/四36架B面4层3列/ [索取号:I565.4/9] 在馆    
4 2000925704   2000925704   第四书库/四36架B面4层3列/ [索取号:I565.4/9] 在馆    
5 2000925705   2000925705   第四书库/四36架B面4层3列/ [索取号:I565.4/9] 在馆    
6 2000925706   2000925706   第四书库/四36架B面4层3列/ [索取号:I565.4/9] 在馆    
山东省滨州职业学院图书馆 欢迎您!
大连网信软件有限公司© 版权所有